| 000 | 00357nam a22001457a 4500 | ||
|---|---|---|---|
| 020 | _qHB. | ||
| 040 | _cFIZZA ISHAQ | ||
| 082 |
_a006.31 _bJOH |
||
| 100 |
_aDARCY,AOIFE KELLEHER D.JOHN. _989479 |
||
| 245 |
_aMACHINE LEARNING / _cJOHN D.KELLEHER AOIFE DARCY. |
||
| 250 | _a2nd ED. | ||
| 260 |
_aNEW YORK ; _c2020. |
||
| 300 | _a798 P. ; | ||
| 942 |
_2ddc _cBK |
||
| 999 |
_c588206 _d588206 |
||